Ley de Colonización de Interés Local, de 27 de Abril de 1946 y Reglamento para su aplicación, de 10 de Enero de 1947. (Record no. 91492)

MARC details
000 -LEADER
campo de control de longitud fija 00654nam a2200169 i 4500
001 - NÚMERO DE CONTROL
campo de control 91492
003 - IDENTIFICADOR DE NÚMERO DE CONTROL
campo de control ES-MaACL
005 - FECHA Y HORA DE LA ÚLTIMA TRANSACCIÓN
campo de control 20230906180731.0
007 - CAMPO FIJO DE DESCRIPCIÓN FÍSICA--INFORMACIÓN GENERAL
campo de control de longitud fija t|
008 - DATOS DE LONGITUD FIJA--INFORMACIÓN GENERAL
campo de control de longitud fija 050131s1947 sp ||||1| spa d
245 00 - MENCIÓN DEL TÍTULO
Título Ley de Colonización de Interés Local, de 27 de Abril de 1946 y Reglamento para su aplicación, de 10 de Enero de 1947.
260 ## - PUBLICACIÓN, DISTRIBUCIÓN, ETC.
Lugar de publicación, distribución, etc. [S.l. :
Nombre del editor, distribuidor, etc. s.n.,
Fecha de publicación, distribución, etc. 1947] (
Lugar de fabricación/manufactura Oviedo :
Fabricante La Nueva España)
300 ## - DESCRIPCIÓN FÍSICA
Extensión 26 p. :
Otras características físicas il. ;
Dimensiones 24 cm.
500 ## - NOTA GENERAL
Nota general Precede al tít.: Unión Territorial de Cooperativas del Campo, de Oviedo.
710 2# - ENTRADA AGREGADA--NOMBRE DE ENTIDAD CORPORATIVA
Nombre de entidad corporativa o nombre de jurisdicción como elemento de entrada Unión Territorial de Cooperativas del Campo (Oviedo)
9 (RLIN) 7052
852 ## - LOCALIZACIÓN
Ubicación ES-MaACL
Número de control de estantería 1873-F-13
Sublocalización o colección R.24347
Holdings
Estatus retirado Estado de pérdida Estado de daño No para préstamo Colección Biblioteca de origen Biblioteca actual Ubicación en estantería Fecha de adquisición Fuente de adquisición Total de préstamos Signatura topográfica completa Código de barras Visto por última vez Precio de reemplazo Tipo de ítem Koha
        Colección de folletos Biblioteca del Ateneo de Madrid Biblioteca del Ateneo de Madrid Depósito folletos 17/01/2008     1873-F-13 1095518 23/02/2023 23/02/2023 Folleto